| 000 | 00532cam a22002051 4500 | ||
|---|---|---|---|
| 001 | he 68001294 | ||
| 003 | DLC | ||
| 005 | 20260227111457.0 | ||
| 008 | 840815s1965 is 000 0 heb | ||
| 010 | _ahe 68001294 | ||
| 035 | _a(OCoLC)19190063 | ||
| 040 |
_aDLC _cMH _dDLC |
||
| 042 | _apremarc | ||
| 050 | 0 | 0 |
_aPZ90.H3 _bS4122 |
| 100 | 1 | _aSelaʻ, Yitsḥaḳ. | |
| 245 | 1 | 0 |
_aYeladim amitsim : _bʻaśarah sipurim. |
| 260 |
_aTel Aviv : _bDaʻat, _c[1965] |
||
| 300 |
_a103 p. : _bill. ; _c23 cm. |
||
| 752 |
_aIsrael _dTel Aviv |
||
| 999 |
_c33242 _d33242 |
||